00229nam a2200097 a 4500001000500000005001700005008004100022050002000063100001600083245003200099414020140414131850.0090218s19uu xx 00 eng d aM 550bOr5 2003 aOrme, Helen aWhat are rainbows made of?.